What's Missing? (Bible) Quiz Stats

 Plays Quiz Updated Jul 31, 2015

Also try: What's Missing
Challenge
Share
Tweet
Embed
Score 0/25 Timer 08:00
0 Plays Today
Group Missing Answer % Correct
Seth, AbelCain
94.2%
Mary, JesusJoseph
91.5%
Father, Holy SpiritSon
87.3%
Mark, Luke, JohnMatthew
87.2%
Faith, HopeLove (Charity)
85.1%
Myrrh, FrankincenseGold
83.9%
Numbers, Genesis, Leviticus, DeuteronomyExodus
79.2%
Saul, SolomonDavid
71.2%
Lazarus, MarthaMary
67.9%
Andrew, Philip, Peter, Matthew, Bartholomew, James son of Alphaeus, John, Thaddaeus, James, Simon the Zealot, ThomasJudas Iscariot
61.8%
Isaac, JacobAbraham
61.3%
Shem, JaphethHam
57.8%
Abednego, MeshachShadrach
55.1%
Group Missing Answer % Correct
Daniel, Jeremiah, EzekielIsaiah
50.6%
Red, White, PaleBlack
49.2%
Dan, Gad, Simeon, Joseph, Issachar, Judah, Naphtali, Reuben, Zebulun, Asher, LeviBenjamin
47.3%
1 Corinthians, 2 Corinthians, Galatians, Ephesians, Philippians, Colossians, 1 Thessalonians,
2 Thessalonians, 1 Timothy, 2 Timothy, Titus, Philemon
Romans
46.9%
Ask, SeekKnock
45.7%
Moses, AaronMiriam
45.6%
Moses, Elijah, Peter, James, JohnJesus
45.4%
Bilhah, Leah, ZilpahRachel
44.3%
Flies, Death of firstborn, Boils, Disease on livestock, Frogs, Water to blood, Hail, Gnats, DarknessLocusts
44.2%
Light, Heaven, Earth and seas, Sun and moon and stars, Birds and sea life, Man and animalsRest
37.5%
Love, Joy, Patience, Kindness, Goodness, Faithfulness, Gentleness, Self-controlPeace
36.2%
Poor in spirit, Those who mourn, Those who hunger and thirst for righteousness, Merciful,
Pure in heart, Peacemakers, Those who are persecuted
Meek
35%

You're not logged in!

Compare scores with friends on all Sporcle quizzes.
Join for Free
OR
Log In

You Might Also Like...

Show Comments

Extras

Top Quizzes Today


Score Distribution

Your Account Isn't Verified!

In order to create a playlist on Sporcle, you need to verify the email address you used during registration. Go to your Sporcle Settings to finish the process.

Report this User

Report this user for behavior that violates our Community Guidelines.

Details: